书目信息 |
| 题名: |
生态水景与湿地景观营造
|
|
| 作者: | 沈士华 | |
| 分册: | ||
| 出版信息: | 北京 中国林业出版社 2015.12 |
|
| 页数: | 153页 | |
| 开本: | 26cm | |
| 丛书名: | ||
| 单 册: | ||
| 中图分类: | X171.4 | |
| 科图分类: | ||
| 主题词: | 环境生物学 | |
| 电子资源: | ||
| ISBN: | 978-7-5038-8311-8 | |
| 000 | 00616nam0 2200205 450 | |
| 001 | 3569 | |
| 005 | 20160927091529.87 | |
| 010 | @a978-7-5038-8311-8@b平装@dCNY68.00 | |
| 100 | @a20151001d2015 km y0chiy0120 ea | |
| 101 | 0 | @achi |
| 102 | @aCN@b110000 | |
| 200 | 1 | @a生态水景与湿地景观营造@Asheng tai shui jing yu shi di jing guan ying zao@f沈士华@Fshen shi hua |
| 210 | @a北京@c中国林业出版社@d2015.12 | |
| 215 | @a153页@d26cm | |
| 330 | @a水体·景观生态建设 | |
| 606 | 0 | @a环境生物学 |
| 690 | @aX171.4@v4 | |
| 701 | 0 | @a沈士华@Ashen shi hua |
| 801 | 0 | @aCN@b唐山师范学院图书馆@c20151001 |
| 905 | @aZUCC@dX171.4@e215 | |
| 生态水景与湿地景观营造/沈士华.-北京:中国林业出版社,2015.12 |
| 153页;26cm |
| ISBN 978-7-5038-8311-8(平装):CNY68.00 |
| 水体·景观生态建设 |
| ● |
| 相关链接 |
|
|
|
|
正题名:生态水景与湿地景观营造
索取号:X171.4/215
 
预约/预借
| 序号 | 登录号 | 条形码 | 馆藏地/架位号 | 状态 | 备注 |
| 1 | 905602 | 209056028 | 第二样本阅览室/ [索取号:X171.4/215] | 在馆 | |
| 2 | 905603 | 209056037 | 第三借阅区/ [索取号:X171.4/215] | 在馆 | |
| 3 | 905604 | 209056046 | 第三借阅区/ [索取号:X171.4/215] | 在馆 | |
| 4 | 905605 | 209056055 | 第三借阅区/ [索取号:X171.4/215] | 在馆 | |
| 5 | 905606 | 209056064 | 密集书库-生命科学系/ [索取号:X171.4/215] | 在馆 |